Migrace jako globální fenomén

Globalizačné procesy a migrácia obyvateľstva. Teórie vysvetľujúce príčiny medzinárodnej migrácie v súčasnom globalizovanom svete. Imigrácia ako prirodzený dôsledok ekonomickej globalizácie a uvoľňovania trhu. Príčiny migrácie: dobrovoľné a okolnosťami vynútené. Charakteristika medzinárodnej migrácie...

Ausführliche Beschreibung

Gespeichert in:
Bibliographische Detailangaben
1. Verfasser: Stojanov, Robert
Weitere Verfasser: Novosák, Jiří, Drobík, Tomáš, Siwek, Tadeusz
Format: Buchkapitel
Sprache:Tschechisch
Schlagworte:
Tags: Tag hinzufügen
Keine Tags, Fügen Sie das erste Tag hinzu!

MARC

LEADER 00000naa$a2200000$$$4500
001 0048905
005 20231016092454.4
041 0 |a cze 
044 |a CZ 
245 1 0 |a Migrace jako globální fenomén  |c Robert Stojanov, Jiří Novosák, Tomáš Drobík, Tadeusz Siwek 
520 |a Globalizačné procesy a migrácia obyvateľstva. Teórie vysvetľujúce príčiny medzinárodnej migrácie v súčasnom globalizovanom svete. Imigrácia ako prirodzený dôsledok ekonomickej globalizácie a uvoľňovania trhu. Príčiny migrácie: dobrovoľné a okolnosťami vynútené. Charakteristika medzinárodnej migrácie zo Strednej Ázie, z Mongolska a z Číny do Čiech. Motívy migrácie: ekonomické, environmentálne, bezpečnostné, etnické a náboženské. 
610 2 0 |a migrácia 
610 2 0 |a obyvateľstvo 
610 2 0 |a pohyb síl pracovných medzinárodný 
610 2 0 |a trh práce 
610 2 0 |a situácia hospodárska 
610 2 0 |a bezpečnosť 
610 2 0 |a bezpečnosť environmentálna 
610 2 0 |a náboženstvo 
610 2 0 |a podmienky životné 
610 2 0 |a globalizácia 
100 1 |a Stojanov, Robert 
700 1 |a Novosák, Jiří 
700 1 |a Drobík, Tomáš 
700 1 |a Siwek, Tadeusz